000 01629namaa2200397 i 4500
003 EG-GICUC
005 20260103140724.0
008 260103s2001 ua ||||jr|||| 000 0 ara d
017 _a2001 / 4739
_bدار الكتب والوثائق القومية (مصر)
040 _aEG-GiCUC
_bara
_cEG-GiCUC
_dEG-GiCUC
_erda
041 _aara
_hfre
082 0 4 _221
_a303.6
_bA941
092 0 4 _221
_a303.6
_bA941
099 _a303.6 A941
100 1 _aاوتار، فرانسوا،
_eمؤلف.
240 1 _aFrancois houtart et francois polet
_lArabic
245 1 0 _aفى مواجهة دافوس :
_bقراءة فى الحركة العالمية ضد العولمة /
_cفرانسوا أوتار، فرانسوا بوليه ؛ ترجمة سعد الطويل ؛ تقديم سمير أمين
250 _aالطبعة الاولى
264 _aالقاهرة (مصر) :
_bمرييت للنشر والمعلومات،
_c2001
300 _a147 صفحة ؛
_c24 سم
336 _2rdacontent
_atext
337 _2rdamedia
_aUnmediated
338 _2rdacarrier
_avolume
500 _aالترجمة العربية لـ : Francois houtart et francois polet
504 _a.
541 _aد. / جابر عصفور ؛
_bالقاهرة ؛
_cإهداء ؛
_d2024.
650 1 7 _aالصراع الاجتماعى
_2qrmak
650 1 7 _aالعولمة
_2qrmak
650 1 7 _aالرأسمالية
_2qrmak
651 1 _2qrmak
700 1 _aبوليه، فرانسوا،
_eمؤلف مشارك.
700 1 _aالطويل، سعد،
_eمترجم.
700 1 _aأمين، سمير،
_eمقدم.
905 _aAmira
942 _2ddc
_cBK
_e21
_n0
999 _c177331
_d177331